| 000 | 01630nmm a2200325 a 4500 | ||
|---|---|---|---|
| 003 | CO-CtgCURN | ||
| 005 | 20250329165432.0 | ||
| 007 | co cga---uuuuu | ||
| 008 | 160531s2013 i eng d | ||
| 040 |
_aCO-CtgCURN _bspa _ccoctgcurn |
||
| 082 | 0 |
_aENF 2013 _bP778 |
|
| 245 | 0 | 0 |
_aFactores que inciden en el nivel de conocimiento y manejo de de las practicas claves de AIEPI en cuidadoras de niños menores de cinco años en el barrio Olaya Herrera sector Central de Cartagena de Indias 2013 _h[electronic resource] / _cGleidis Isabel Polo Ortiz ... [et al.] ; asesor, Zorayda Barrios Puertas. |
| 260 |
_aCartagena de Indias : _bCorporación Universitaria Rafael Núñez, _c2013. |
||
| 300 | _a1 CD-Rom. | ||
| 336 | _2rdacontent | ||
| 337 |
_2rdamedia _asin mediacion _bn |
||
| 338 |
_2rdacarrier _avolumen _bnc |
||
| 502 | _aTrabajo de grado (Enfermera (o)). Corporacion Universitaria Rafael Nuñez. Facultad de Ciencias de la Salud. Programa de Enfermeria, 2013. | ||
| 504 | _aIncluye bibliografia. | ||
| 590 | _aEnfemeria | ||
| 650 | 0 |
_aEnfermeria _vTesis y disertaciones academicas. |
|
| 700 | 1 | _aPolo Ortiz, Gleidis Isabel. | |
| 700 | 1 | _aPombo Ortega, Geraldin Isabel. | |
| 700 | 1 | _aSuarez Mendoza, Shirleny Andrea. | |
| 700 | 1 | _aValle Salgado, Carolina. | |
| 700 | 1 |
_aBarrios Puerta, Zorayda, _easesor. |
|
| 856 | 7 |
_uhttps://unicurn.sharepoint.com/:b:/s/biblioteca/EcPZS58d2LBOhj1icbJ-AEQBj1ULNCkgdgRXkRuaA-L6NQ?e=D0yUo3 _zClick aqui para ver el recurso en texto completo |
|
| 942 |
_hENF 2013 _iP778 _2ddc _cTG |
||
| 999 |
_c3869 _d3869 |
||